Breaking the Reading Barrier (Record no. 8965)
[ view plain ]
| 000 -LEADER | |
|---|---|
| fixed length control field | 00413nam a2200169Ia 4500 |
| 100 ## - MAIN ENTRY--AUTHOR NAME | |
| Personal name | "Gilbert, Doniswilcox" |
| 245 #0 - TITLE STATEMENT | |
| Title | Breaking the Reading Barrier |
| 250 ## - EDITION STATEMENT | |
| Edition statement | \\195900ENGGPSX |
| 260 ## - PUBLICATION, DISTRIBUTION, ETC. (IMPRINT) | |
| Place of publication | Prentice Hall |
| 260 ## - PUBLICATION, DISTRIBUTION, ETC. (IMPRINT) | |
| Name of publisher | 1959 |
| 260 ## - PUBLICATION, DISTRIBUTION, ETC. (IMPRINT) | |
| Year of publication | New Jersey |
| 300 ## - PHYSICAL DESCRIPTION | |
| Number of Pages | 275p |
| 500 ## - GENERAL NOTE | |
| General note | includes index and biblioraphy |
| 942 ## - ADDED ENTRY ELEMENTS (KOHA) | |
| Koha item type | Books |
| Withdrawn status | Lost status | Home library | Current library | Shelving location | Date acquired | Full call number | Accession Number | Koha item type |
|---|---|---|---|---|---|---|---|---|
| PSG-CAS LIBRARY | PSG-CAS LIBRARY | AW ROW 2 RACK 81 SHELF 3 | 24/04/2018 | 374.22 G3 | 10376 | Books |